Absent Letter Countries III Quiz Stats

 Plays Quiz Updated Dec 23, 2016

Support Sporcle.
Go Orange.
Score 0/24 Timer 02:00
20 Plays Today
% Correct
???
99.9%
???
97.4%
???
90.3%
???
85.8%
???
78.8%
???
76.4%
???
70.5%
???
68.5%
???
66.8%
???
64.6%
???
61.2%
???
58.3%
% Correct
???
57.3%
???
56%
???
54.7%
???
53.5%
???
51.9%
???
50.8%
???
49.8%
???
49.1%
???
47.8%
???
47%
???
45.6%
???
45.2%

You're not logged in!

Compare scores with friends on all Sporcle quizzes.
OR
Log In
Forgot?

From the Vault

History Books: The Subtitles II

by MoMosMoProblems

You know what they say, those who do not learn subtitles are doomed to repeat them...or something like that.
Remove Ads.
Support Sporcle.
Get the best of Sporcle when you Go Orange. This ad-free experience offers more features, more stats, and more fun while also helping to support Sporcle. Thank you for becoming a member.

Show Comments

Extras

Top Quizzes Today


Score Distribution

Your Account Isn't Verified!

In order to create a playlist on Sporcle, you need to verify the email address you used during registration. Go to your Sporcle Settings to finish the process.

Report this User

Report this user for behavior that violates our Community Guidelines.

Details: